| 000 | 01059nam a22002537a 4500 | ||
|---|---|---|---|
| 005 | 20121010141910.0 | ||
| 008 | 121010t xxu||||| |||| 00| 0 mar d | ||
| 010 | _aMAR-22863 | ||
| 020 | _c100.00 | ||
| 035 | _aMR-15521 | ||
| 037 | _bDBAD/PUB | ||
| 040 |
_aDPL _bMR |
||
| 082 | _a891.463 | ||
| 100 |
_953016 _aथोरे, अशोक |
||
| 245 |
_aस्पेस कंट्रोल / _cअशोक थोरे |
||
| 246 |
_aSpace Control _bby Ashok Thore |
||
| 260 |
_aपुणे _bनवल प्रकाशन _c2012 |
||
| 270 |
_bपुणे _a87,सुकृती अपार्टमंट,पर्वती गाव, _e411009 |
||
| 300 |
_a120पृ _c18सेमी(अजिल्द) |
||
| 650 |
_aमराठी कादंबरी _954400 |
||
| 650 |
_aMarathi Fiction _954401 |
||
| 942 |
_2ddc _cMR _mथोरेअ _h891.463 |
||
| 999 |
_c72254 _d72254 |
||